Wird geladen...

Cheri thottam /

Bibliographische Detailangaben
1. Verfasser: Chekhov, Anton
Format: Printed Book
Sprache:Malayalam
Veröffentlicht: S.P.C.S. , 1974.
LEADER 00389nam a2200133Ia 4500
008 150624b xxu||||| |||| 00| | mal d
100 |a Chekhov, Anton 
245 |c Anton Chekhov  |a Cheri thottam / 
260 |b S.P.C.S. ,  |c 1974. 
300 |a 103 p. 
546 |a In Malayalam. 
942 |c BK 
999 |c 74107  |d 74107 
952 |0 0  |1 0  |4 0  |7 0  |9 74053  |a UL  |b UL  |c ST2  |d 1998-09-15  |l 0  |p 15974  |r 2012-10-27  |w 2012-10-27  |y BK